000 00620nam a22001817a 4500
003 CEME
005 20210628202330.0
008 210120b xxu||||| |||| 00| 0 eng d
020 _a0-07-235756-8
040 _cceme
082 _a658.5 SIM
100 _aSimchi-Levi , David ,Kaminsky ,
_959380
245 _aDesigning and managing the supply chain ,concepts, strategies, and case studies
260 _aNEW YORK
_bMCGRAW HILL
_c2000
300 _aXXII,321P
650 _aPHYSICAL DISTRIBUTION OF GOODS-MANAGEMENT. MARKETING CHANNELS-MANAGEMENT. BUSINESS LOGISTICS.SUPPLY CHAIN MANAGEMENT
_959381
942 _cBK
_2ddc
999 _c569382
_d569382